000 00389nam a22001697a 4500
003 OSt
005 20220211100118.0
008 220211b |||||||| |||| 00| 0 eng d
020 _a0136417620
040 _cHU
082 _a658
100 _aROBBINS, STEPHEN
_930233
245 _aOREGANIZATIONAL BEHAVIOUR
260 _aLONDON
_bMEXICO
_c1989
300 _a599
942 _2ddc
_cBOOKS
_n0
999 _c29967
_d29967